The Theory of Commodity Price Stabilization (Record no. 165487)

MARC details
000 -LEADER
fixed length control field 00536nam a2200205Ia 4500
008 - FIXED-LENGTH DATA ELEMENTS--GENERAL INFORMATION
fixed length control field 240823s9999||||xx |||||||||||||| ||und||
020 ## - INTERNATIONAL STANDARD BOOK NUMBER
International Standard Book Number 0-19-828417-9
082 ## - DEWEY DECIMAL CLASSIFICATION NUMBER
-- 338.528 M1
100 ## - MAIN ENTRY--PERSONAL NAME
Personal name "Newbery,David M G and Stiglitz,Joseph E"
245 #4 - TITLE STATEMENT
Title The Theory of Commodity Price Stabilization
250 ## - EDITION STATEMENT
Edition statement 1st
260 ## - PUBLICATION, DISTRIBUTION, ETC. (IMPRINT)
Date of publication, distribution, etc 1981
Name of publisher, distributor, etc "Clarendon,O"
500 ## - GENERAL NOTE
General note YES
650 ## - SUBJECT ADDED ENTRY--TOPICAL TERM
Topical term or geographic name as entry element Economics
700 ## - ADDED ENTRY--PERSONAL NAME
Personal name " Stiglitz,Joseph E"
942 ## - ADDED ENTRY ELEMENTS (KOHA)
Item type Books
Holdings
Withdrawn status Lost status Damaged status Permanent location Current location Shelving location Date acquired Source of acquisition Cost, normal purchase price Full call number Barcode Date last seen Koha item type
      CENTRAL LIBRARY, NOORUL ISLAM CENTRE FOR HIGHER EDUCATION CENTRAL LIBRARY, NOORUL ISLAM CENTRE FOR HIGHER EDUCATION   11/03/2003 The World Bank Group 300.00 338.528 M1 20203 08/23/2024 Books
Visitors:
Copyright © 2024 Central Library NICHE.  All rights reserved.